League of Legends (LoL) - Objets Épiques - Statistiques

Statistiques générales
  • Ce quiz a été pris 105 fois
    39 depuis la dernière actualisation
  • Le résultat moyen est 13 sur 43
Statistiques - réponses
Prix Objet Épique % Correct
1000 Dague dentelée
77%
1200 Tiamat
67%
1200 Chapitre perdu
57%
900 Ceinture du géant
50%
850 Codex méphitique
50%
700 Arc courbe
47%
800 Armure roncière
47%
900 Brillance
47%
1100 Phage
47%
900 Sceptre vampirique
47%
900 Cendres de Bami
43%
1300 Carquois zénithien
40%
850 Manteau de Négatron
40%
800 Orbe de l'oubli
40%
1600 Protège-bras du savant
40%
1200 Zèle
40%
1100 Alternateur Hextech
37%
800 Cotte de mailles
37%
1050 Marteau de Caulfield
37%
1337 Brutaliseur
33%
800 Gemme exaltante
33%
1450 Dernier souffle
30%
800 Marque du bourreau
30%
1250 Manteau de spectre
27%
900 Miroir en verre de Bandle
27%
600 Fronde de l'éclaireur
23%
1300 Déguisement hanté
20%
1150 Foreuse
20%
1300 Hexterminateur
20%
1600 Barrière verdoyante
17%
600 Idole interdite
17%
1000 Mailles du gardien
17%
1300 Ceinture de Mercure
13%
900 Feu follet éthéré
13%
1200 Hache d'Âtrinsèque
13%
1100 Joyau putréfiant
13%
800 Bracelet cristallin
10%
1300 Catalyseur de l'éternité
10%
800 Plaque de lune ailée
10%
775 Rectrix
10%
900 Bouclier glacial
7%
900 Cendres fatidiques
7%
1100 Sceau d'acier
3%
Aucun quiz correspondant
Distribution des résultats
% des personnes avec chaque résultat
Percentile par nombre de réponses
Votre historique - résultats
Vous n’avez pas pris ce quiz depuis la dernière actualisation